| 000 | 00383 a2200157 4500 | ||
|---|---|---|---|
| 001 | 81480 | ||
| 082 | _a297.1227 MOD | ||
| 090 |
_c39738 _d39738 |
||
| 100 | _aAbual Alla Maududi | ||
| 245 |
_aTafhim ul Quran (Vol-IV) _hUrdu |
||
| 250 | _aVol-IV | ||
| 260 |
_aLahore _bTarjaman ul Quran _c2010 |
||
| 300 | _a664 | ||
| 500 | _aDOS BS Reference Books | ||
| 505 | _aAHQ Books | ||
| 942 |
_aNUST-CAE _cBS _k297.1227 MOD |
||
| 999 |
_c316553 _d316553 |
||